000 00477cam a2200133 4500
008 691210s1969 mauabc b 001 0 eng
082 0 0 _a973.7
100 1 _aRandall, J. G.
_q(James Garfield),
_d1881-1953.
245 1 4 _aThe Civil War and Reconstruction
_c[by] J. G. Randall [and] David Donald.
250 _a2d ed., rev. with enl. bibliography.
260 _aLexington, Mass.,
_bHeath
_c[1969]
650 0 _aReconstruction (U.S. history, 1865-1877)
700 1 _aDonald, David Herbert,
999 _c2071
_d2071